000 00676nam a22001697a 4500
005 20250214092230.0
008 250214b |||||||| |||| 00| 0 eng d
082 _22024
_aUT
100 _aGomez, Kent Harvey M.
_965261
245 _aExploring factors on intention to acquire business interruption insurance /
_cKent Harvey M. Gomez, Kurt Dan Geoffrey P. Nahine, and Jose Maria V. Palomarez
260 _aDigos City :
_bUMDC,
_c©July 2024.
300 _aviii, 37 pages :
_billustration (some colors) ;
_c29 cm.
500 _aIncludes references and appendices.
700 _aNahine, Kurt Dan Geoffrey P.
_965262
700 _aPalomarez, Jose Maria V.
_965263
942 _2ddc
_cUT
999 _c23444
_d23444